Words of power (Record no. 33501)

MARC details
000 -LEADER
fixed length control field 00900nam a22002537a 4500
005 - DATE AND TIME OF LATEST TRANSACTION
control field 19970904051429.3
008 - FIXED-LENGTH DATA ELEMENTS--GENERAL INFORMATION
fixed length control field 970904m19271929ii a 001 0aeng
010 ## - LCCN (DPL NO)
LC control number ENG-95757
020 ## - INTERNATIONAL STANDARD BOOK NUMBER
International Standard Book Number 9788179928721
Terms of availability 295.00
035 ## - SYSTEM CONTROL NUMBER
System control number EN-79290
037 ## - SOURCE OF ACQUISITION
Stock number DBAD/PUB
040 ## - CATALOGING SOURCE
Original cataloging agency DPL
100 ## - MAIN ENTRY--PERSONAL NAME
Personal name Brian
240 ## - UNIFORM TITLE
Uniform title <a href="Satyanā prayogo athavā ātmakathā.">Satyanā prayogo athavā ātmakathā.</a>
Language of a work English
245 ## - TITLE STATEMENT
Title Words of power
Statement of responsibility, etc by Brian & Esther Crowley
Remainder of title mantras and chants from east and west
260 ## - PUBLICATION, DISTRIBUTION, ETC. (IMPRINT)
Place of publication, distribution, etc Mumbai
Name of publisher, distributor, etc Jaico Publishing House,
Date of publication, distribution, etc 2008
270 ## - ADDRESS
Address A-2, Jash chambers, Fort
City Mumbai
Postal code 400001
300 ## - PHYSICAL DESCRIPTION
Extent xvi, 318p. ;
Dimensions 22 cm.(Pbk)
500 ## - GENERAL NOTE
General note Includes bibliography references
700 ## - ADDED ENTRY--PERSONAL NAME
Personal name Crowley , Esther
942 ## - ADDED ENTRY ELEMENTS (KOHA)
Source of classification or shelving scheme Dewey Decimal Classification
Item type English Books
Call number suffix BRI
Holdings
Withdrawn status Lost status Source of classification or shelving scheme Damaged status Not for loan Collection code Home library Current library Date acquired Source of acquisition Cost, normal purchase price Total Checkouts Full call number Barcode Date last seen Copy number Cost, replacement price Koha item type
    Dewey Decimal Classification   Not For Loan Non-fiction D.B.Act.Division Bawana 31/12/2009 DBAD/PUB 295.00   BRI EN-79290 06/01/2010 1 295.00 English Books

© Delhi Public Library
Hit Counter
free hit counter